Bataán y la marcha de la muerte / (Record no. 48855)

MARC details
000 -LEADER
campo de control de longitud fija 00603nam a2200193 i 4500
001 - NÚMERO DE CONTROL
campo de control 48855
003 - IDENTIFICADOR DE NÚMERO DE CONTROL
campo de control ES-MaACL
005 - FECHA Y HORA DE LA ÚLTIMA TRANSACCIÓN
campo de control 20250808020342.0
007 - CAMPO FIJO DE DESCRIPCIÓN FÍSICA--INFORMACIÓN GENERAL
campo de control de longitud fija t|
008 - DATOS DE LONGITUD FIJA--INFORMACIÓN GENERAL
campo de control de longitud fija 030701s1957 sp ||||1| spa d
100 1# - ENTRADA PRINCIPAL--NOMBRE DE PERSONA
Nombre de persona Cordero, Virgilio N.
9 (RLIN) 40516
245 10 - MENCIÓN DEL TÍTULO
Título Bataán y la marcha de la muerte /
Mención de responsabilidad, etc. Virgilio N. Cordero.
260 ## - PUBLICACIÓN, DISTRIBUCIÓN, ETC.
Lugar de publicación, distribución, etc. Madrid :
Nombre del editor, distribuidor, etc. Afrodisio Aguado,
Fecha de publicación, distribución, etc. [1957] (
Lugar de fabricación/manufactura Valencia :
Fabricante Tip. Moderna)
300 ## - DESCRIPCIÓN FÍSICA
Extensión 180 p., 10 lám. ;
Dimensiones 24 cm.
490 1# - MENCIÓN DE SERIE
Mención de serie Vida e historia ;
Designación de volumen o secuencia 7
830 00 - PUNTO DE ACCESO ADICIONAL DE SERIE-TÍTULO UNIFORME
Título uniforme Vida e historia
Designación de volumen o secuencia 7
9 (RLIN) 180776
852 ## - LOCALIZACIÓN
Ubicación ES-MaACL
Número de control de estantería C-13234
Sublocalización o colección R.41007
Holdings
Estatus retirado Estado de pérdida Estado de daño No para préstamo Biblioteca de origen Biblioteca actual Ubicación en estantería Fecha de adquisición Fuente de adquisición Total de préstamos Signatura topográfica completa Código de barras Visto por última vez Precio de reemplazo Tipo de ítem Koha
        Biblioteca del Ateneo de Madrid Biblioteca del Ateneo de Madrid Sala Palomar 17/01/2008     C-13234 1051410 23/02/2023 23/02/2023 Libro impreso